Phân biệt từ dễ nhầm trong Tiếng Hoa

保存先:
書誌詳細
第一著者: Thanh Hà
フォーマット: 図書
言語:Vietnamese
出版事項: H. Hồng Đức 2009
タグ: タグ追加
タグなし, このレコードへの初めてのタグを付けませんか!
Thư viện lưu trữ: Trung tâm Học liệu Lê Vũ Hùng, Trường Đại học Đồng Tháp
LEADER 00466aam a22001458a 4500
001 00029077
005 20171026081025.0
008 120504s2009 ||||||viesd
020 |c 25000 
041 0 # |a vie - Chi 
100 0 # |a Thanh Hà 
245 1 0 |a Phân biệt từ dễ nhầm trong Tiếng Hoa  |c Thanh Hà 
260 # # |a H.  |b Hồng Đức  |c 2009 
910 |d 04/05/2012 
980 # # |a Trung tâm Học liệu Lê Vũ Hùng, Trường Đại học Đồng Tháp